000 00298nam a22001337a 4500
008 170928b xxu||||| |||| 00| 0 eng d
020 _a9780131887268
041 _aeng
080 _27 ED
_a37
100 _a47
101 _aEDU
245 _a STRUCTURED READINGS
_cTROYKA.L.Q
942 _2udc
_cBK
999 _c30494
_d30494